The fabulous interiors of the great ocean liners in historic photographs
Guardat en:
| Autor principal: | |
|---|---|
| Format: | Llibre |
| Idioma: | anglès |
| Publicat: |
Nueva York
Dover Publications
1984
|
| Matèries: | |
| Etiquetes: |
Afegir etiqueta
Sense etiquetes, Sigues el primer a etiquetar aquest registre!
|
MARC
| LEADER | 00000nam a2200000 a 4500 | ||
|---|---|---|---|
| 001 | UCZ7425 | ||
| 003 | CL-VaPUC | ||
| 008 | 960105e19840000US |||||||||||||||||eng|d | ||
| 082 | 0 | 4 | |a 387.243 |b MIL |2 21 |
| 100 | |a Miller, William H. |e autor |9 352294 | ||
| 245 | 1 | 4 | |a The fabulous interiors of the great ocean liners in historic photographs |
| 300 | |a 143 p | ||
| 942 | |c BK | ||
| 945 | |d 19960105 00:00:00 |a rleighto | ||
| 260 | |a Nueva York |b Dover Publications |c 1984 | ||
| 650 | 0 | |a Barcos |9 260866 | |
| 650 | 0 | |a Fotografías |9 268494 | |
| 650 | 0 | |a Viajes |9 257115 | |
| 650 | 7 | |a BUQUES DE PASAJEROS |2 CL-VaPUC |9 352295 | |
| 650 | 0 | |a Turismo |9 308920 | |
| 583 | |a last modification |c 19960105 00:00:00 |k Rodrigo Vera | ||
| 999 | |c 243504 |d 243502 | ||
| 952 | |0 0 |1 0 |4 0 |6 387_243000000000000_MIL_1984 |7 0 |8 P |9 257162 |a BIBARQ |b BIBARQ |d 2019-11-19 |i 3161161 |o 387.243 MIL 1984 |p 3161161 |r 2025-01-20 |w 2019-11-19 |y BK |k ARQ | ||